La fertilización de cultivos y pasturas /
Guardado en:
| Autor Principal: | |
|---|---|
| Otros Autores: | |
| Formato: | Libro |
| Publicado: |
Buenos Aires :
Hemisferio Sur,
2008
|
| Edición: | 2a. ed. |
| Materias: | |
| Etiquetas: |
Agregar Etiqueta
Sin Etiquetas, Sea el primero en etiquetar este registro!
|
| LEADER | 01786nam a22002415a 4500 | ||
|---|---|---|---|
| 001 | CEM.cems017514 | ||
| 005 | 20110505135838.0 | ||
| 008 | 130507s2008##################000#0#####d | ||
| 003 | CEMS | ||
| 020 | |a 9789505045976 | ||
| 082 | 0 | 4 | |a 631.8 |
| 100 | 1 | |a Melgar, Ricardo | |
| 245 | 1 | 0 | |a La fertilización de cultivos y pasturas / |c Ricardo Melgar y Martín Díaz Zorita |
| 250 | |a 2a. ed. | ||
| 260 | |a Buenos Aires : |b Hemisferio Sur, |c 2008 | ||
| 300 | |a 588 p. | ||
| 505 | 0 | |a Regiones agro-ecológicas y sistemas de producción de cultivos / Ricardo Melgar -- Fertilidad del suelo y nutrición de las plantas / Mónica B. Rodríguez -- Diagnóstico de fertilidad y recomendaciones de fertilización / Ricardo Melgar y César E. Quintero -- Las formas de aplicación de los fertilizantes / Ricardo Melgar y César E. Quintero -- Fertilizantes químicos y minerales / Martín Torres Duggan -- Enmiendas minerales / Sebastián Gambaudo y Hugo Micheloud -- Fertilizantes y enmiendas orgánicas / Osvaldo R. Valenzuela y C. S. Gallardo -- Fijación simbiótica de nitrógeno / María Virginia Fernández Canigia y Martín Díaz Zorita -- Economía del uso de la fertilización / Ricardo Melgar y Reinaldo Muñoz -- Fertilización del trigo / Fernando O. García y Hernán E. Echeverría -- Fertilización de la secuencia trigo-soja / Fernando Salvagiotti -- Fertilización del maíz / Martín Díaz Zorita y Fernando O. García -- Fertilización de cebada cervecera / María de las Mercedes Ron y Tomas Loewy -- Fertilización del sorgo granífero / Sebastián Gambaudo | |
| 653 | |a Cultivos | ||
| 653 | |a Pasturas | ||
| 653 | |a Cultivos-fertilización | ||
| 653 | |a Pasturas-fertilización | ||
| 700 | 1 | |a Díaz Zorita, Martín | |
| 859 | |a CEMS |b BIB. CEMS - Agricultura |h 631.8 |i M484a2 |p A1288.11 |t Ej.1 | ||
